Normal view MARC view
  • Adventure

Entry Topical Term

Number of records used in: 2

001 - CONTROL NUMBER

  • control field: 107706

003 - CONTROL NUMBER IDENTIFIER

  • control field: NUST

005 - DATE AND TIME OF LATEST TRANSACTION

  • control field: 20230126094059.0

008 - FIXED-LENGTH DATA ELEMENTS

  • fixed length control field: 230126|| aca||aabn | a|a d

040 ## - CATALOGING SOURCE

  • Original cataloging agency: NUST
  • Transcribing agency: NUST

150 ## - HEADING--TOPICAL TERM

  • Topical term or geographic name entry element: Adventure

670 ## - SOURCE DATA FOUND

  • Source citation: Work cat.: (NUST)187016: Seaver, George 48658, Edward Wilson of the Antarctic /
© 2023 Central Library, National University of Sciences and Technology. All Rights Reserved.